00744nam a2200229Ia 450000500170000000800410001702000250005804000190008304100120010208200150011410000170012924500620014626000450020830000340025350400260028765000550031370000120036885000100038094200070039099900160039795201010041320220630115634.0131103s9999 xx 000 0 und d a817040418 5cRs. 350 aLoreto College aEnglish a304.6bPAT aPathak, K.B. aTechniques of demographic analysiscK.B.Pathak and F. Ram aBombay bHimalaya Publishing Housec1992 av,460 p.b ill., fig., tables aIncludes bibliography aFactors affecting social behaviour - Population -  aRam, F. aLCLIB cBK c1749d52228 00102ddc4070aMAINbMAINd2013-11-04l0o304.6 PAT 38135pB2382r2013-11-04w2013-11-04yBKf